Matemática V ; (Registro nro. 9756)

Detalles MARC
000 -LIDER
fixed length control field 01378nam a22003617a 4500
001 - NÚMERO DE CONTROL
Identificador de número de control 00188
003 - IDENTIFICACDOR DE NÚMERO DE CONTROL
control field DO-SdBNP
005 - DATE AND TIME OF LATEST TRANSACTION
control field 20180307111113.0
007 - CAMPOS FIJOS DE DESCRIPCIÓN FÍSICA
fixed length control field 00188
008 - ELEMENTOS DE LONGITUD FIJA
fixed length control field 160413b dr 2000||||| |||| 00| 0 spa d
020 ## - ISBN
International Standard Book Number 9789945400144
040 ## - FUENTE DE CATALOGACIÓN
Agencia que crea de manera original el registro BPMSU
Idioma de catalogación spa
Agencia que realiza la transcripción BPMSU
092 ## - LOCALLY ASSIGNED DEWEY DECIMAL CALL NUMBER
Número de clasificación 372.7 R788m 5to./ 6to. [20--?]
100 1# - ASIENTO PRINCIPAL -- NOMBRE PERSONAL
Nombre personal De la Rosa, María del Jesús
245 1# - MENCIÓN DE TITULO
Título Matemática V ;
Subtítulo Matemática VI /
Mención de responsabilidad María del Jesús De la Rosa, Francisca Antonia Medrano ; ilustraciones Daniel Bisonó
246 14 - VARIACION DEL TÍTULO
Título propiamente dicho o título corto Matemática V & VI
260 ## - PUBLICACIÓN, DISTRIBUCIÓN, ETC. (PIE DE IMPRENTA)
Lugar de publicación, distribución, etc Santo Domingo :
Nombre del editor, distribuidor, etc. Actualidad escolar 2000,
Fecha de publicación, distribución, etc [20--?]
300 ## - DESCRIPCIÓN FÍSICA
Extensión 266 p. :
Otros detalles físicos il.,
Dimensiones 28 cm.
490 1# - MENCIÓN DE SERIES
Mención de serie Matemática para educación media
Volume/sequential designation 10
501 ## - NOTA DE PUBLICADO O ENCUADERNADO
With note Encuadernado con: Matemática VI
505 ## - NOTA DE CONTENIDO
Título Matemática V :
-- Primer semestre - Primer grado, segundo ciclo --
-- Matemática VI :
-- Segundo semestre - Primer grado, segundo ciclo.
650 #4 - ENCABEZAMIENTO DE MATERIA--TEMÁTICO
Término temático o nombre geográfico como elemento de entrada MATEMÁTICAS
Subdivisión temática general ENSEÑANZA BÁSICA
650 #4 - ENCABEZAMIENTO DE MATERIA--TEMÁTICO
Término temático o nombre geográfico como elemento de entrada MATEMÁTICAS
Subdivisión temática general EDUCACIÓN PRIMARIA
650 #4 - ENCABEZAMIENTO DE MATERIA--TEMÁTICO
Término temático o nombre geográfico como elemento de entrada MATEMÁTICAS
Subdivisión temática general LIBROS DE TEXTOS
650 #4 - ENCABEZAMIENTO DE MATERIA--TEMÁTICO
Término temático o nombre geográfico como elemento de entrada MATEMÁTICAS
Subdivisión temática general ESTUDIOS Y EJERCICIOS
650 #4 - ENCABEZAMIENTO DE MATERIA--TEMÁTICO
Término temático o nombre geográfico como elemento de entrada EDUCACIÓN PRIMARIA
Subdivisión geográfica REPÚBLICA DOMINICANA
700 12 - ASIENTO SECUNDARIO -- NOMBRE PERSONAL
Nombre personal Medrano, Francisca Antonia
700 12 - ASIENTO SECUNDARIO -- NOMBRE PERSONAL
Nombre personal Bisonó, Daniel.
910 ## - VALIDACIÓN
Validación Validado. Control de calidad MFF
942 ## - ADDED ENTRY ELEMENTS (KOHA)
Source of classification or shelving scheme Dewey Decimal Classification
Koha item type Libros
945 ## - INFORMACIÓN DE PROCESAMIENTO LOCAL
Información de procesamiento local Remanejado para la BNPHU / 2018 VM
956 ## - LOCAL ELECTRONIC LOCATION AND ACCESS (OCLC)
Nombre de host Brenda Tavárez
Existencias
Withdrawn status Lost status Source of classification or shelving scheme Damaged status Not for loan Collection code Home library Current library Date acquired Source of acquisition Total Checkouts Full call number Barcode Date last seen Price effective from Koha item type Copy number
    Dewey Decimal Classification     Colección Escolar Biblioteca Pública Metropolitana Salomé Ureña Biblioteca Pública Metropolitana Salomé Ureña 04/13/2016 Donación   372.7 R788m 5to. / 6to. [20--?] BPMSU16040415 04/13/2016 04/13/2016 Libros  
    Dewey Decimal Classification     Colección Escolar Biblioteca Pública Metropolitana Salomé Ureña Biblioteca Pública Metropolitana Salomé Ureña 04/13/2016 Donación   372.7 R788m 5to. / 6to. [20--?] BPMSU16040416 04/13/2016 04/13/2016 Libros e. 2